|
|
|
|
| LEADER |
00655nam a22001937a 4500 |
| 008 |
150731b xxu||||| |||| 00| 0 eng d |
| 020 |
|
|
|a 9789384169541
|
| 082 |
|
|
|a 894.13 ANA
|
| 100 |
|
|
|a ആനന്ദ്
|
| 240 |
|
|
|a Vishnu
|
| 245 |
|
|
|a വിഷ്ണു /
|c ആനന്ദ്
|
| 250 |
|
|
|a 2nd ed.
|
| 260 |
|
|
|a കണ്ണൂര് :
|b കൈരളി ബുക്സ്,
|c 2014.
|
| 300 |
|
|
|a 54p.
|
| 650 |
|
|
|a Novel
|
| 700 |
|
|
|a Anand
|
| 942 |
|
|
|2 ddc
|c BK
|
| 999 |
|
|
|c 11974
|d 11974
|
| 952 |
|
|
|0 0
|1 0
|2 ddc
|4 0
|6 894_130000000000000_ANA
|7 0
|9 16915
|a MAIN
|b MAIN
|d 2015-07-31
|e Kairali Books
|g 60.00
|l 5
|o 894.13 ANA
|p 17015
|r 2018-11-21
|s 2018-11-19
|t 1
|w 2015-07-31
|y BK
|